[Event "IRI-ch U18"]
[Site "Chess.com INT"]
[Date "2021.01.26"]
[Round "2"]
[White "Zamani, Alireza"]
[Black "Ghazi, Hamed1111"]
[Result "1-0"]
[WhiteElo "1297"]
[BlackElo "1732"]
[PlyCount "111"]
[EventDate "2021.01.26"]
[EventType "swiss"]
[EventRounds "9"]
[EventCountry "IRI"]
[SourceTitle "CBM 200 Extra"]
[Source "ChessBase"]
[SourceDate "2021.03.31"]
[SourceVersion "1"]
[SourceVersionDate "2021.03.31"]
[SourceQuality "1"]

1. e4 d6 2. d4 Nf6 3. Nc3 g6 4. Bc4 Bg7 5. f4 0-0 6. Nf3 c5 7. 0-0 a6 8. dxc5 dxc5 9. Be3 Qa5 10. e5 Ng4 11. Bf2 Nxf2 12. Rxf2 Nc6 13. a3 Bg4 14. h3 Bxf3 15. Qxf3 e6 16. Rd1 Rad8 17. Rfd2 Qc7 18. Ne4 Nd4 19. Qf2 b6 20. Bxa6 Qc6 21. c3 Qxe4 22. cxd4 Bh6 23. g3 g5 24. Bd3 Qc6 25. dxc5 bxc5 26. Bxh7+ Kxh7 27. Rxd8 Rxd8 28. Rxd8 gxf4 29. gxf4 Qe4 30. Rd7 Qb1+ 31. Kh2 Qf5 32. Qh4 Qc2+ 33. Kg1 Qb1+ 34. Kg2 Qc2+ 35. Qf2 Qf5 36. Qh4 Qe4+ 37. Kf1 Qb1+ 38. Ke2 Qxb2+ 39. Rd2 Qb5+ 40. Kf2 c4 41. Qf6 Qb6+ 42. Kg2 Qb7+ 43. Kh2 c3 44. Rd8 Bg7 45. Qh4+ Bh6 46. Qg4 Bg7 47. f5 Bxe5+ 48. Kg1 Qb1+ 49. Kf2 Qc2+ 50. Kf3 Bg7 51. Qh5+ Bh6 52. Qxf7+ Bg7 53. Qh5+ Bh6 54. Rd7+ Kg8 55. Qf7+ Kh8 56. Qh7# 1-0